000 01171nam a2200265Ia 4500
003 AR-RoIUNI
005 20210830100132.0
008 150616s2012 ag r 000 0 spa d
020 _a9789505181650
040 _cIUNIR
080 _a159.9 HAL
100 1 _aHaley, Jay.
245 1 0 _aTerapia no convencional
_blas técnicas psiquiátricas de Milton H. Erickson
_cJay Haley ; [traducción Zoraida J. Valcarcel y Jorge Colapinto].
250 _a2a. ed.
260 _aBuenos Aires
_bAmorrortu
_c2012.
300 _a333 p.
_c23 cm.
505 2 _a1. Terápia estratégica -- 2. El ciclo vital de la familia -- 3. El período del galanteo: modificación del adulto joven -- 4.Revisión caracterológica del adulto joven -- 5. El matrimonio y sus consecuencias -- 6. El nacimiento y el trato con los hijos -- 7. Matrimonio y dilemas familiares -- 8. El destete de los padres -- 9. El sufrimiento de la vejez.
600 _aErickson, Milton H.,
_d1901-1980
_xCRÍTICA E INTERPRETACIÓN
650 1 0 _aPsicología
_9108
650 1 0 _aPsiquiatría
_9237
650 4 _aPSICOTERAPIA FAMILIAR
650 4 _aPSICOTERAPIA DE PAREJA
650 4 _aHIPNOSIS
942 _cBK
_2cdu
999 _c2026
_d2026